| 000 | 00427nam a2200181Ia 4500 | ||
|---|---|---|---|
| 008 | 220531s9999 xx 000 0 und d | ||
| 041 | _aeng | ||
| 082 | _bBAY | ||
| 100 |
_aBayley,s. _960989 |
||
| 245 | _aCaste,society & Politics In India. | ||
| 250 | _a1 | ||
| 260 |
_aPune _bCambridge _c2011 |
||
| 300 | _a421 | ||
| 542 | _d26-11-2011 | ||
| 650 |
_aSociology _960990 |
||
| 906 | _d2011-2012 | ||
| 999 |
_c34810 _d34810 |
||